[Event "Oebro CXU Nytaar 2024"]
[Site "Copenhagen"]
[Date "2024.12.28"]
[Round "3.2"]
[White "Hansen, Soren Bech"]
[Black "Hector, Jonny"]
[Result "0-1"]
[WhiteElo "2256"]
[BlackElo "2443"]
[WhiteFideId "1400681"]
[BlackFideId "1700090"]
[EventDate "2024.12.27"]
[EventType "swiss"]
[EventRounds "7"]
[EventCountry "DEN"]
[SourceTitle "Live v. Obro Skakforening"]

1. e4 e5 2. Nf3 Nc6 3. Bc4 Nf6 4. d3 d5 5. exd5 Nxd5 6. O-O Bg4 7. h3 Bh5 8. Re1 Qd6 9. Bb5 Ne7 10. Nbd2 O-O-O 11. Ne4 Qd5 12. Bc4 Qxc4 13. dxc4 Rxd1 14. Rxd1 Nd4 15. Rxd4 exd4 16. Nxd4 Bg6 17. Ng5 c5 18. Nb5 Nc6 19. Bf4 h6 20. Nf3 Bxc2 21. Ne5 Nxe5 22. Bxe5 a6 23. Rc1 axb5 24. Rxc2 bxc4 25. Rxc4 Kd7 26. a4 f6 27. Bc3 Kc6 28. Kf1 h5 29. Ke2 Bd6 30. b4 b5 31. Re4 Kd5 32. Kf3 f5 33. Rh4 cxb4 34. Rd4+ Ke6 35. Bxb4 Be5 36. Rd2 bxa4 37. Re2 Rc8 38. Ra2 Rc4 39. Bf8 g6 40. Ke3 Bd4+ 41. Kd3 Kd5 42. f3 Bc5 43. Bxc5 Kxc5 44. Ra1 h4 45. Ra2 Rd4+ 46. Kc3 Rb4 47. Re2 Rb3+ 48. Kc2 Rb6 49. Re3 Kd4 50. Ra3 Rb4 51. Rd3+ Ke5 52. Ra3 Kf4 53. Ra2 Kg3 54. Kc3 Rb3+ 55. Kc4 Rb8 56. Kd4 Ra8 57. Ke5 Ra6 58. Kd5 Kf4 59. Ra3 g5 60. Kd4 Ra5 61. Kd3 Kg3 62. Ra2 a3 63. Kd4 Kf4 64. Kd3 Re5 65. Kd4 Re3 66. Kd5 Rb3 67. Ke6 Rb6+ 68. Kd5 Ra6 69. Kd4 Rd6+ 70. Kc3 Ke3 71. Kc4 Rd2 72. Rxa3+ Kf4 73. Ra4 Rxg2 74. Kd5+ Kg3 75. Ke5 f4 76. Kf5 Kxh3 0-1

[Event "Oebro CXU Nytaar 2024"]
[Site "Copenhagen"]
[Date "2024.12.28"]
[Round "3.3"]
[White "Heimisson, Hilmir Freyr"]
[Black "Terryn, Ezra"]
[Result "1/2-1/2"]
[WhiteElo "2403"]
[BlackElo "2236"]
[WhiteFideId "2309998"]
[BlackFideId "233196"]
[EventDate "2024.12.27"]
[EventType "swiss"]
[EventRounds "7"]
[EventCountry "DEN"]
[SourceTitle "Live v. Obro Skakforening"]

1. Nf3 c5 2. c4 Nc6 3. d4 cxd4 4. Nxd4 g6 5. e4 Bg7 6. Be3 d6 7. Nc3 Nf6 8. Be2 O-O 9. O-O Nxd4 10. Bxd4 Bd7 11. Qd3 a5 12. Rfd1 Bc6 13. Rac1 Nd7 14. Bxg7 Kxg7 15. Bg4 Nc5 16. Qd4+ e5 17. Qxd6 Qxd6 18. Rxd6 Rfd8 19. Rcd1 Rxd6 20. Rxd6 Nxe4 21. Nxe4 Bxe4 22. Bf3 Bxf3 23. gxf3 Rc8 24. b3 a4 25. Rd7 axb3 26. axb3 b5 27. cxb5 Rc3 28. b4 Rxf3 29. Ra7 Rf4 30. Ra4 Rd4 31. Kf1 Rd5 32. Ra5 Rd4 33. Ra4 Rd5 34. Ke2 Kf6 35. Ra5 Rd4 36. Ra4 Ke6 37. b6 Kd6 38. Ra7 Rxb4 39. Rxf7 Rxb6 40. Rxh7 Ke6 1/2-1/2

[Event "Oebro CXU Nytaar 2024"]
[Site "Copenhagen"]
[Date "2024.12.28"]
[Round "3.4"]
[White "Loftgaard, Mikkel Vinh"]
[Black "Reimanis, Ritvars"]
[Result "0-1"]
[WhiteElo "2221"]
[BlackElo "2339"]
[WhiteFideId "1468480"]
[BlackFideId "11602988"]
[EventDate "2024.12.27"]
[EventType "swiss"]
[EventRounds "7"]
[EventCountry "DEN"]
[SourceTitle "Live v. Obro Skakforening"]

1. e4 c5 2. Nf3 Nc6 3. c3 Nf6 4. e5 Nd5 5. d4 cxd4 6. cxd4 d6 7. Bc4 e6 8. O-O Be7 9. a3 O-O 10. Qe2 Bd7 11. Nc3 Nxc3 12. bxc3 dxe5 13. dxe5 Qa5 14. Qe4 Qa4 15. Bg5 b5 16. Bxe7 Nxe7 17. Bd3 Qxe4 18. Bxe4 Rac8 19. Rfd1 Rc7 20. Rd6 Nc8 21. Ra6 Rxc3 22. h3 Rc7 23. Nd4 Nb6 24. Ra5 Nc4 25. Rc1 Rfc8 26. Nxb5 Rc5 27. Rxc4 Rxc4 28. Nd6 Rc1+ 29. Kh2 R8c7 30. Bb7 Bc6 31. Rxa7 Bxb7 32. Nxb7 h5 33. Ra8+ Rc8 34. Ra5 R8c2 35. Ra8+ Kh7 36. f4 Rf1 37. Kg3 h4+ 38. Kxh4 Rxg2 39. Ra4 Rxf4+ 40. Kh5 g6# 0-1

[Event "Oebro CXU Nytaar 2024"]
[Site "Copenhagen"]
[Date "2024.12.28"]
[Round "3.5"]
[White "Ramsdal, Jens Albert"]
[Black "Nilssen, John Arni"]
[Result "1/2-1/2"]
[WhiteElo "2299"]
[BlackElo "2330"]
[WhiteFideId "1429221"]
[BlackFideId "7200137"]
[EventDate "2024.12.27"]
[EventType "swiss"]
[EventRounds "7"]
[EventCountry "DEN"]
[SourceTitle "Live v. Obro Skakforening"]

1. d4 g6 2. e4 Bg7 3. Nf3 d6 4. Be2 c6 5. O-O a6 6. Re1 Nd7 7. Bc4 e6 8. a4 Ne7 9. Nc3 O-O 10. Bg5 h6 11. Bf4 d5 12. Bd3 Re8 13. Qd2 Kh7 14. h4 c5 15. exd5 cxd4 16. Ne4 e5 17. Nd6 Rf8 18. Bg3 Nc5 19. Nxc8 Rxc8 20. Bxe5 Nxd3 21. Bxg7 Kxg7 22. Qxd3 Nxd5 23. Qxd4+ Nf6 24. c3 Qxd4 25. Nxd4 Rc7 26. Re5 Rd8 27. Rae1 Rdd7 28. g3 h5 29. Kg2 Kf8 30. Nb3 Rd6 31. R1e2 b6 32. Rd2 Rxd2 33. Nxd2 Nd7 34. Rd5 Ke7 35. Rd4 Nc5 36. Ne4 Ne6 37. Rb4 Rc6 38. Ng5 a5 39. Re4 Rd6 40. Nxe6 fxe6 41. Rd4 Rc6 42. Kf3 Rc5 43. Ke3 g5 44. hxg5 Rxg5 45. b4 Re5+ 46. Re4 Rd5 47. f4 h4 48. gxh4 Rh5 49. b5 Rxh4 50. Rc4 e5 51. Re4 Rh3+ 52. Kd2 Kd6 53. fxe5+ Ke6 54. Kc2 Kd5 55. Re2 Ke6 56. Kb3 Rh6 57. Re3 Rg6 58. c4 Rg4 59. Rc3 Kxe5 60. c5 Rb4+ 61. Ka3 bxc5 62. Rxc5+ Kd4 63. Rc6 Rb1 64. Rh6 Kc3 65. Rh3+ Kc2 66. Rh2+ Kc3 67. Ka2 Rb4 68. Rh3+ Kc2 69. Rh2+ Kc3 70. Rh3+ 1/2-1/2

[Event "Oebro CXU Nytaar 2024"]
[Site "Copenhagen"]
[Date "2024.12.28"]
[Round "3.6"]
[White "Gjesme, Marius Enevold"]
[Black "Zander, Emil"]
[Result "1-0"]
[WhiteElo "2118"]
[BlackElo "2214"]
[WhiteFideId "1466488"]
[BlackFideId "1467123"]
[EventDate "2024.12.27"]
[EventType "swiss"]
[EventRounds "7"]
[EventCountry "DEN"]
[SourceTitle "Live v. Obro Skakforening"]

1. e4 c6 2. d4 d5 3. e5 Bf5 4. h4 h5 5. Bd3 Bxd3 6. Qxd3 Qa5+ 7. Nd2 e6 8. Nf3 Nh6 9. O-O Nf5 10. b3 Be7 11. g3 Qa6 12. c4 c5 13. Qc2 Nc6 14. dxc5 Nfd4 15. Nxd4 Nxd4 16. Qd3 Nc6 17. Qe3 Nxe5 18. Bb2 Ng4 19. Qf4 Bf6 20. Bxf6 Nxf6 21. cxd5 Nxd5 22. Qg5 Kf8 23. Nc4 Qb5 24. Rac1 Rh6 25. Rfd1 Kg8 26. Nd6 Qc6 27. Qe5 Rd8 28. b4 a6 29. a3 Rg6 30. Nc4 Rc8 31. Ne3 Nf6 32. Qf4 Rg4 33. Nxg4 Nxg4 34. Rd6 Qb5 35. Qc4 Qa4 36. Qd3 Ne5 37. Rd8+ Rxd8 38. Qxd8+ Kh7 39. Rc3 a5 40. Qd4 f6 41. f4 axb4 42. fxe5 1-0

[Event "Oebro CXU Nytaar 2024"]
[Site "Copenhagen"]
[Date "2024.12.28"]
[Round "3.7"]
[White "Hagen, Andreas Skytte"]
[Black "Li, Anna Sofie"]
[Result "1/2-1/2"]
[WhiteElo "2334"]
[BlackElo "2073"]
[WhiteFideId "1407341"]
[BlackFideId "1472119"]
[EventDate "2024.12.27"]
[EventType "swiss"]
[EventRounds "7"]
[EventCountry "DEN"]
[SourceTitle "Live v. Obro Skakforening"]

1. e4 e5 2. Nf3 Nc6 3. Bb5 a6 4. Ba4 Nf6 5. d3 b5 6. Bb3 Bc5 7. Nc3 d6 8. Nd5 Bg4 9. c3 h6 10. Nxf6+ Qxf6 11. Bd5 Kd7 12. Be3 Bxe3 13. fxe3 Bxf3 14. gxf3 Qh4+ 15. Ke2 Rhf8 16. Qg1 g6 17. Qg3 Qxg3 18. hxg3 h5 19. g4 hxg4 20. fxg4 Rae8 21. Rh7 Nd8 22. Rf1 Rh8 23. Rfh1 Rxh7 24. Rxh7 Ke7 25. b4 c6 26. Bb3 Ne6 27. a4 Ra8 28. a5 Rc8 29. Kd2 Rb8 30. Rh1 Ng5 31. Ke2 Rc8 32. Kd2 Rb8 33. Ke2 Rc8 34. Kd2 Rb8 35. Ke2 Rc8 1/2-1/2

[Event "Oebro CXU Nytaar 2024"]
[Site "Copenhagen"]
[Date "2024.12.28"]
[Round "3.8"]
[White "Meskenas, Paulius"]
[Black "Thorsbro, Peter"]
[Result "0-1"]
[WhiteElo "2203"]
[BlackElo "2139"]
[WhiteFideId "12809969"]
[BlackFideId "1406671"]
[EventDate "2024.12.27"]
[EventType "swiss"]
[EventRounds "7"]
[EventCountry "DEN"]
[SourceTitle "Live v. Obro Skakforening"]

1. e4 c6 2. d4 d5 3. Nc3 dxe4 4. Nxe4 Bf5 5. Ng3 Bg6 6. Nh3 e6 7. Nf4 Bd6 8. c3 Qc7 9. Qf3 Nd7 10. h4 e5 11. dxe5 Nxe5 12. Qe2 Ne7 13. h5 Bf5 14. Nxf5 Nxf5 15. g4 Ne7 16. Bg2 O-O-O 17. Be3 Kb8 18. a4 Rhe8 19. b4 g5 20. hxg6 N7xg6 21. Nh5 Bf8 22. Be4 Nd7 23. Bf5 Qe5 24. Rc1 Bh6 25. Rh3 Nb6 26. Rc2 Bxe3 27. Rxe3 Qh2 28. Rxe8 Qg1+ 29. Qf1 Rxe8+ 30. Re2 Rxe2+ 31. Kxe2 Qxf1+ 32. Kxf1 Nxa4 33. Nf6 Nxc3 34. Nxh7 Nd5 35. Ng5 Ne5 36. Ke2 Kc7 37. Ne4 Nxb4 38. f4 Ng6 39. Ng5 Nxf4+ 40. Kf3 f6 0-1

[Event "Oebro CXU Nytaar 2024"]
[Site "Copenhagen"]
[Date "2024.12.28"]
[Round "3.9"]
[White "Jalving, August"]
[Black "Thuesen, Mogens Henrik"]
[Result "0-1"]
[WhiteElo "2178"]
[BlackElo "2193"]
[WhiteFideId "1471759"]
[BlackFideId "1400878"]
[EventDate "2024.12.27"]
[EventType "swiss"]
[EventRounds "7"]
[EventCountry "DEN"]
[SourceTitle "Live v. Obro Skakforening"]

1. e4 c5 2. Nf3 Nc6 3. d4 cxd4 4. Nxd4 Nf6 5. Nc3 e5 6. Ndb5 d6 7. Bg5 a6 8. Na3 Be6 9. Nc4 Rc8 10. Ne3 Qb6 11. Bxf6 Qxb2 12. Ncd5 Bxd5 13. Nxd5 Nb4 14. Bd3 Nxd5 15. exd5 Qc3+ 16. Kf1 gxf6 17. Rb1 Rc7 18. Qf3 Ke7 19. g3 h5 20. h4 Qd4 21. Kg2 Rg8 22. a3 b5 23. Rb4 Qc3 24. Rb3 Qc5 25. c4 bxc4 26. Rc3 Rg4 27. Rhc1 Qb5 28. Be4 Bh6 29. R1c2 Rc5 30. Qe2 Rxd5 31. f3 Rg8 32. Bxd5 Qxd5 33. Rxc4 f5 34. Kf2 Kf6 35. g4 hxg4 36. fxg4 fxg4 37. Rxg4 Rxg4 38. Qxg4 Bf4 39. Qf3 Qxf3+ 40. Kxf3 Kf5 41. Rc6 e4+ 42. Ke2 d5 43. h5 d4 44. h6 d3+ 45. Kf1 e3 46. h7 e2+ 47. Kf2 Bg3+ 0-1

[Event "Oebro CXU Nytaar 2024"]
[Site "Copenhagen"]
[Date "2024.12.28"]
[Round "3.11"]
[White "Kakulidis, Ellen"]
[Black "Veiergang, Oscar Jacob"]
[Result "1-0"]
[WhiteElo "2037"]
[BlackElo "2170"]
[WhiteFideId "1444972"]
[BlackFideId "1470183"]
[EventDate "2024.12.27"]
[EventType "swiss"]
[EventRounds "7"]
[EventCountry "DEN"]
[SourceTitle "Live v. Obro Skakforening"]

1. d4 d5 2. c4 e6 3. Nf3 Nf6 4. g3 Bb4+ 5. Nbd2 dxc4 6. Qc2 a6 7. Qxc4 Be7 8. Bg2 b5 9. Qc2 Bb7 10. O-O O-O 11. e4 Nbd7 12. e5 Nd5 13. Ne4 Nb4 14. Qe2 c5 15. Rd1 Bd5 16. dxc5 Nxc5 17. Nc3 Bc4 18. Rxd8 Raxd8 19. Qe3 Nc2 20. Qf4 Nxa1 21. b3 Nd3 22. Qe4 Nxc1 23. bxc4 b4 24. Na4 Rd1+ 25. Bf1 Nxa2 26. Qe2 Rfd8 27. Qxa2 Rc1 28. Kg2 Rdd1 29. Be2 Rh1 30. Qd2 Nb3 31. Qd7 1-0

[Event "Oebro CXU Nytaar 2024"]
[Site "Copenhagen"]
[Date "2024.12.28"]
[Round "3.12"]
[White "Andries, Alf"]
[Black "Gronnemose, Freja Egelund"]
[Result "0-1"]
[WhiteElo "2164"]
[BlackElo "1956"]
[WhiteFideId "1463373"]
[BlackFideId "1474456"]
[EventDate "2024.12.27"]
[EventType "swiss"]
[EventRounds "7"]
[EventCountry "DEN"]
[SourceTitle "Live v. Obro Skakforening"]

1. e4 e5 2. Nf3 f5 3. Nxe5 Nc6 4. Nxc6 dxc6 5. Bc4 Qe7 6. O-O fxe4 7. d3 Nf6 8. dxe4 Qe5 9. Kh1 Ng4 10. f4 Qh5 11. h3 Nf2+ 12. Rxf2 Qxd1+ 13. Rf1 Qh5 14. f5 Bd7 15. Rf3 O-O-O 16. Nc3 Bc5 17. g4 Qh4 18. Kg2 g5 19. Rf1 h5 20. Be2 hxg4 21. Bxg4 Be8 22. Rf3 Bh5 23. Bxh5 Qxh5 24. Rg3 g4 25. Bf4 gxh3+ 26. Kh2 Bf2 27. Rg7 Qf3 28. Be5 Bg3+ 29. Rxg3 Rd2+ 30. Kg1 Qf2+ 0-1

[Event "Oebro CXU Nytaar 2024"]
[Site "Copenhagen"]
[Date "2024.12.28"]
[Round "3.13"]
[White "Moe, Mogens"]
[Black "Petersen, Poul Erik"]
[Result "1/2-1/2"]
[WhiteElo "2130"]
[BlackElo "1914"]
[WhiteFideId "1400550"]
[BlackFideId "1440667"]
[EventDate "2024.12.27"]
[EventType "swiss"]
[EventRounds "7"]
[EventCountry "DEN"]
[SourceTitle "Live v. Obro Skakforening"]

1. e4 e5 2. Nf3 Nf6 3. d4 Nxe4 4. dxe5 d5 5. Bd3 f5 6. exf6 Nxf6 7. O-O Be7 8. c4 d4 9. Nxd4 Bg4 10. Be2 Bd7 11. Bf3 c6 12. Qe2 O-O 13. Ne6 Bxe6 14. Qxe6+ Kh8 15. Rd1 Qc7 16. Bg5 Na6 17. Nc3 Rae8 18. Qh3 Qb6 19. Bxf6 Rxf6 20. Ne4 Rff8 21. Bh5 Ra8 22. Bg6 h6 23. Rd2 Nc5 24. Nxc5 Bxc5 25. Rf1 Rf6 26. Bb1 Raf8 27. Qd3 g6 28. Qg3 Bd4 29. h4 Bxb2 30. Bxg6 Bd4 31. Re2 c5 32. h5 Qd8 33. Kh1 Rf4 34. Bc2 Qh4+ 35. Qxh4 Rxh4+ 36. Kg1 Rxh5 37. Re7 Re5 38. Rxe5 Bxe5 39. g3 Bd4 40. Kg2 Re8 41. Bd3 Kg7 42. Rh1 Re6 1/2-1/2

[Event "Oebro CXU Nytaar 2024"]
[Site "Copenhagen"]
[Date "2024.12.28"]
[Round "3.14"]
[White "Saravana, Vedant Kumar"]
[Black "Jarlskov, Daniel Tuk Hartso"]
[Result "1/2-1/2"]
[WhiteElo "2021"]
[BlackElo "2100"]
[WhiteFideId "45059730"]
[EventDate "2024.12.27"]
[EventType "swiss"]
[EventRounds "7"]
[EventCountry "DEN"]
[SourceTitle "Live v. Obro Skakforening"]

1. e4 c6 2. d4 d5 3. Nc3 dxe4 4. Nxe4 Nf6 5. Nxf6+ exf6 6. Be3 Bd6 7. Bd3 O-O 8. Ne2 Re8 9. O-O Nd7 10. c4 Nf8 11. Qc2 h5 12. Nc3 h4 13. h3 Bc7 14. Qd2 Ne6 15. c5 b5 16. Be4 Bb7 17. Nxb5 Nxc5 18. dxc5 Rxe4 19. Qxd8+ Rxd8 20. Nxc7 Rd7 21. Rfd1 Rxc7 22. Rd8+ Kh7 23. Rad1 Bc8 24. R1d4 Rxd4 25. Rxd4 g5 26. f4 Kg6 27. fxg5 fxg5 28. Kf2 Be6 29. a4 Rb7 30. b4 a6 31. Bd2 Kf5 32. Bc3 Rd7 33. Rxd7 Bxd7 34. a5 Be6 35. Kf3 Bd5+ 36. Kf2 Kg6 37. Be5 f5 38. Bd6 Kf6 39. Bc7 Ke7 40. Be5 Be4 41. Bc7 Kd7 42. Be5 Ke6 43. Bc7 Bd5 44. Bd8 g4 1/2-1/2

[Event "Oebro CXU Nytaar 2024"]
[Site "Copenhagen"]
[Date "2024.12.28"]
[Round "3.15"]
[White "Rosenlund, Thorbjorn"]
[Black "Rasmussen, Morten"]
[Result "1/2-1/2"]
[WhiteElo "2120"]
[BlackElo "1904"]
[WhiteFideId "1400614"]
[BlackFideId "1410865"]
[EventDate "2024.12.27"]
[EventType "swiss"]
[EventRounds "7"]
[EventCountry "DEN"]
[SourceTitle "Live v. Obro Skakforening"]

1. Nf3 f5 2. d3 d6 3. e4 e5 4. c3 Ne7 5. Nbd2 g6 6. d4 Bg7 7. dxe5 dxe5 8. Qb3 Nec6 9. exf5 gxf5 10. Nc4 Nd7 11. Bg5 Bf6 12. Bxf6 Qxf6 13. Ne3 Nb6 14. Bb5 Bd7 15. O-O-O O-O-O 16. Nd5 Nxd5 17. Qxd5 e4 18. Nd2 Ne5 19. f4 exf3 20. Nxf3 Bxb5 21. Qxe5 Qxe5 22. Nxe5 Be2 23. Rxd8+ Rxd8 24. Re1 Bh5 25. Rh1 1/2-1/2

[Event "Oebro CXU Nytaar 2024"]
[Site "Copenhagen"]
[Date "2024.12.28"]
[Round "3.16"]
[White "Brorsen, Jacob Abildlund"]
[Black "Hove, Svend Kjems"]
[Result "1-0"]
[WhiteElo "2114"]
[BlackElo "1871"]
[WhiteFideId "1411233"]
[BlackFideId "1408194"]
[EventDate "2024.12.27"]
[EventType "swiss"]
[EventRounds "7"]
[EventCountry "DEN"]
[SourceTitle "Live v. Obro Skakforening"]

1. e4 d5 2. exd5 Qxd5 3. Nf3 e5 4. Nc3 Qe6 5. Be2 Bc5 6. O-O Nf6 7. Nxe5 O-O 8. d4 Bb6 9. Be3 Na6 10. Bc4 Qe8 11. Bg5 Be6 12. d5 Bf5 13. Re1 Qe7 14. Qf3 Bxc2 15. Rac1 h6 16. Bh4 g5 17. Bg3 Bh7 18. Ng4 Qxe1+ 19. Rxe1 Nxg4 20. Qxg4 Rae8 21. Rd1 Bg6 22. d6 Kg7 23. d7 Re7 24. h4 f5 25. Qf3 g4 26. Qf4 c6 27. Qd6 Bd8 28. Bf4 b5 29. Bf1 Nc7 30. Qxc6 Re6 31. Qc5 b4 32. Bxh6+ Kxh6 33. Qxf8+ Kh7 34. h5 Bxh5 35. Qxd8 g3 36. Qxc7 gxf2+ 37. Kxf2 bxc3 38. d8=Q+ Bf7 39. Qxf7+ Kh6 40. Qh4# 1-0

[Event "Oebro CXU Nytaar 2024"]
[Site "Copenhagen"]
[Date "2024.12.28"]
[Round "3.17"]
[White "Mortensen, Henrik"]
[Black "Porte, Henrik"]
[Result "0-1"]
[WhiteElo "1955"]
[BlackElo "2096"]
[WhiteFideId "1401424"]
[BlackFideId "1016326"]
[EventDate "2024.12.27"]
[EventType "swiss"]
[EventRounds "7"]
[EventCountry "DEN"]
[SourceTitle "Live v. Obro Skakforening"]

1. d4 d5 2. f4 Nf6 3. e3 e6 4. Bd3 c5 5. c3 Be7 6. Nf3 O-O 7. O-O a6 8. Nbd2 b5 9. a3 Bb7 10. Ne5 Ne4 11. Bxe4 dxe4 12. dxc5 Bxc5 13. Nb3 Bd6 14. Ng4 Bd5 15. Nd4 Nd7 16. Qc2 Rc8 17. Nf2 f5 18. b3 Nb6 19. Rd1 Qe7 20. g3 Rc7 21. Bd2 Rfc8 22. Qb2 Bb7 23. Rdc1 Nd5 24. a4 bxa4 25. Rxa4 Bc5 26. Nd1 Nb6 27. Raa1 Nd7 28. c4 Bb6 29. Bc3 Nc5 30. Qd2 Qf7 31. Rcb1 Nd3 32. Nf2 Rd7 33. Qe2 Rcd8 34. b4 e5 35. fxe5 Qxc4 36. e6 Rxd4 37. Bxd4 Rxd4 38. e7 Qf7 39. exd4 Bxd4 40. Qa2 Bxf2+ 41. Kf1 Bc6 42. Qxa6 Be8 43. b5 Bd4 44. Ra4 Bc5 45. b6 Qh5 46. Qc4+ Kh8 47. Kg2 Qf3+ 48. Kh3 Nf2+ 0-1

[Event "Oebro CXU Nytaar 2024"]
[Site "Copenhagen"]
[Date "2024.12.28"]
[Round "3.18"]
[White "Gregor, Bjarke"]
[Black "Ramsdal, Lasse Andreas"]
[Result "1-0"]
[WhiteElo "2094"]
[BlackElo "1862"]
[WhiteFideId "1423401"]
[BlackFideId "1440675"]
[EventDate "2024.12.27"]
[EventType "swiss"]
[EventRounds "7"]
[EventCountry "DEN"]
[SourceTitle "Live v. Obro Skakforening"]

1. d4 d5 2. Nc3 Nf6 3. Bf4 c6 4. e3 Bf5 5. Nf3 e6 6. Bd3 Ne4 7. O-O Nd7 8. Bxe4 dxe4 9. Nd2 g5 10. Bg3 h5 11. Ndxe4 h4 12. Nd6+ Bxd6 13. Bxd6 Nb6 14. Bc5 Nd5 15. Nxd5 Qxd5 16. f3 Bg6 17. e4 Qd7 18. c4 b6 19. Bb4 O-O-O 20. Bc3 h3 21. g3 g4 22. d5 Rh7 23. Bf6 Rg8 24. Rc1 gxf3 25. Qxf3 Qd6 26. c5 bxc5 27. Qf4 Qxf4 28. Rxf4 exd5 29. exd5 Rh5 30. Rxc5 Rxd5 31. Rxc6+ Kb7 32. Rc1 Rd2 33. Rf2 Rd3 34. Re1 Rc8 35. Bc3 Rcd8 36. Rff1 R8d7 37. Rf4 R3d5 38. Kf2 Rd1 39. Rb4+ Kc6 40. Rc4+ Kb6 41. Rh4 Rxe1 42. Bxe1 Bf5 43. g4 Rd4 44. Kf3 Rd3+ 45. Ke2 Bg6 46. Rh6 Kb5 47. Rxg6 Rd5 48. Rf6 Rc5 49. Rf5 1-0

[Event "Oebro CXU Nytaar 2024"]
[Site "Copenhagen"]
[Date "2024.12.28"]
[Round "3.19"]
[White "Ramsdal, Mikkel"]
[Black "Slavensky, Asbjorn Vesterkaer"]
[Result "1/2-1/2"]
[WhiteElo "1920"]
[BlackElo "2051"]
[WhiteFideId "1438484"]
[EventDate "2024.12.27"]
[EventType "swiss"]
[EventRounds "7"]
[EventCountry "DEN"]
[SourceTitle "Live v. Obro Skakforening"]

1. d4 Nf6 2. c4 e6 3. Nf3 d5 4. g3 dxc4 5. Bg2 c5 6. O-O Nc6 7. dxc5 Qxd1 8. Rxd1 Bxc5 9. Nbd2 c3 10. bxc3 e5 11. Ng5 Bf5 12. Nde4 Be7 13. Nxf6+ Bxf6 14. Ne4 Be7 15. Nd6+ Bxd6 16. Rxd6 O-O 17. Ba3 Rfd8 18. Rad1 Be6 19. Rxd8+ Rxd8 20. Rxd8+ Nxd8 21. Bc5 Nc6 22. a3 a5 23. Kf1 a4 24. Ke1 Na5 25. Bb4 Nc6 26. Bc5 Na5 27. Bb4 Nc6 28. Bc5 1/2-1/2

[Event "Oebro CXU Nytaar 2024"]
[Site "Copenhagen"]
[Date "2024.12.28"]
[Round "3.20"]
[White "Skou, Niels"]
[Black "Ertbjerg, Andreas Lund"]
[Result "1-0"]
[WhiteElo "2073"]
[BlackElo "2045"]
[WhiteFideId "1413155"]
[BlackFideId "1412914"]
[EventDate "2024.12.27"]
[EventType "swiss"]
[EventRounds "7"]
[EventCountry "DEN"]
[SourceTitle "Live v. Obro Skakforening"]

1. d4 Nf6 2. c4 g6 3. Nc3 Bg7 4. e4 d6 5. Nf3 O-O 6. Be2 e5 7. Be3 Nc6 8. d5 Ne7 9. Nd2 a5 10. c5 dxc5 11. Bxc5 Bd7 12. O-O Ne8 13. Nc4 b6 14. Be3 Nc8 15. Rc1 Ncd6 16. Qb3 Kh8 17. f3 f5 18. a4 Rf7 19. Qa3 Qf6 20. b3 f4 21. Bf2 h5 22. Nxd6 Nxd6 23. Nb5 Bxb5 24. Bxb5 Nxb5 25. axb5 Bf8 26. Qb2 Bd6 27. Rc6 g5 28. Qe2 Rg8 29. Kh1 Qh6 30. Qe1 Rg6 31. Qc3 Qf8 32. Bxb6 Qe7 33. Bxc7 g4 34. Bxd6 Rxd6 35. Rxd6 Qxd6 36. Qc6 Qb4 37. Qe8+ Kg7 38. Qxe5+ Kg6 39. Rc1 Qd2 40. Rc6+ Kh7 41. Qxh5+ Kg8 42. Qg6+ Kh8 43. Rc8+ Rf8 44. Rxf8# 1-0

[Event "Oebro CXU Nytaar 2024"]
[Site "Copenhagen"]
[Date "2024.12.28"]
[Round "4.1"]
[White "Hector, Jonny"]
[Black "Gjesme, Marius Enevold"]
[Result "1-0"]
[WhiteElo "2443"]
[BlackElo "2118"]
[WhiteFideId "1700090"]
[BlackFideId "1466488"]
[EventDate "2024.12.27"]
[EventType "swiss"]
[EventRounds "7"]
[EventCountry "DEN"]
[SourceTitle "Live v. Obro Skakforening"]

1. e4 c5 2. Nf3 e6 3. d4 cxd4 4. Nxd4 a6 5. c4 Nf6 6. Nc3 Bb4 7. Bd3 Nc6 8. a3 Bxc3+ 9. bxc3 O-O 10. O-O Qc7 11. f4 d6 12. Nc2 Nd7 13. Ne3 Nc5 14. Bc2 Ne7 15. f5 Bd7 16. f6 Ng6 17. Ng4 e5 18. fxg7 Rfd8 19. Nh6+ Kxg7 20. Rxf7+ Kh8 21. Bg5 1-0

[Event "Oebro CXU Nytaar 2024"]
[Site "Copenhagen"]
[Date "2024.12.28"]
[Round "4.2"]
[White "Reimanis, Ritvars"]
[Black "Ochsner, Bjorn Moller"]
[Result "1/2-1/2"]
[WhiteElo "2339"]
[BlackElo "2503"]
[WhiteFideId "11602988"]
[BlackFideId "1416928"]
[EventDate "2024.12.27"]
[EventType "swiss"]
[EventRounds "7"]
[EventCountry "DEN"]
[SourceTitle "Live v. Obro Skakforening"]

1. d4 Nf6 2. c4 e6 3. Nf3 d5 4. Nc3 Nbd7 5. cxd5 exd5 6. Bg5 Bb4 7. Bxf6 Qxf6 8. Qb3 Qd6 9. a3 Ba5 10. Qc2 O-O 11. e3 Re8 12. Bd3 Nf8 13. Qa4 Bxc3+ 14. bxc3 Be6 15. Qb4 c5 16. dxc5 Qc7 17. O-O Rec8 18. Rfc1 a5 19. Qb2 Qxc5 20. Nd4 Rc7 21. Rab1 Rac8 22. Nb5 Re7 23. Nd4 Rec7 24. Nb5 Re7 25. Nd4 Qd6 26. a4 g6 27. Qb6 Qxb6 28. Rxb6 Rec7 29. Bb5 Rxc3 30. Rxc3 Rxc3 31. h3 Rc7 32. Nb3 d4 33. Nxd4 Nd7 34. Rd6 Nc5 35. Rd8+ Kg7 36. Nxe6+ fxe6 37. f4 1/2-1/2

[Event "Oebro CXU Nytaar 2024"]
[Site "Copenhagen"]
[Date "2024.12.28"]
[Round "4.3"]
[White "De Vleeschauwer, Maarten"]
[Black "Heimisson, Hilmir Freyr"]
[Result "0-1"]
[WhiteElo "2256"]
[BlackElo "2403"]
[WhiteFideId "214809"]
[BlackFideId "2309998"]
[EventDate "2024.12.27"]
[EventType "swiss"]
[EventRounds "7"]
[EventCountry "DEN"]
[SourceTitle "Live v. Obro Skakforening"]

1. e4 e6 2. d4 d5 3. e5 c5 4. c3 Qb6 5. Nf3 Nc6 6. Bd3 cxd4 7. O-O Bd7 8. Re1 Nge7 9. Nbd2 Nf5 10. Nb3 dxc3 11. bxc3 Be7 12. Rb1 Qc7 13. Nbd4 Nfxd4 14. Nxd4 a6 15. Qg4 g5 16. Qg3 O-O-O 17. Nxc6 Qxc6 18. c4 Be8 19. cxd5 Qxd5 20. Be2 g4 21. Qxg4 Bc6 22. Bf3 Qxa2 23. Bg5 Bxf3 24. Qxf3 Rd7 25. Be3 Kb8 26. Qc6 Qxb1 27. Rxb1 Rd1+ 28. Rxd1 bxc6 29. Rb1+ Kc7 30. Bb6+ Kc8 31. Rc1 Kb7 32. Rb1 Ka8 33. Ra1 c5 34. Rxa6+ Kb7 35. Ra7+ Kxb6 36. Rxe7 c4 0-1